Understanding unemployment : new perspectives on active labour market policies

Αποθηκεύτηκε σε:
Λεπτομέρειες βιβλιογραφικής εγγραφής
Άλλοι συγγραφείς: McLaughlin, Eithne 1959- (Επιμελητής έκδοσης)
Μορφή: Βιβλίο
Γλώσσα:English
Δημοσίευση: London : Routledge, c1992
Θέματα:
Ετικέτες: Προσθήκη ετικέτας
Δεν υπάρχουν, Καταχωρήστε ετικέτα πρώτοι!

MARC

LEADER 00000nam a2200000 i 4500
001 1/93064
008 991118s1992 eng d
020 |a 0-415-07806-7 
035 |l 10054278 
040 |a GR-MY-UA  |b gre  |e aacr 
041 0 |a eng 
082 0 |a 331.137941 
245 1 0 |a Understanding unemployment :  |b new perspectives on active labour market policies /  |c edited by Eithne McLaughlin 
260 |a London :   |b Routledge,   |c c1992 
300 |a 217 p. 
504 |a Includes bibliographical references and index 
650 0 0 |a Unemployment  |z Great Britain  |x Congresses. 
650 0 0 |a Full employment policies  |z Great Britain  |x Congresses. 
700 1 |a McLaughlin, Eithne  |d 1959-  |4 edt 
852 |a INST  |b LESVOS  |e 19991118  |h 331.137941 UND  |p 005100022641  |q 005100022641  |t BK  |y 0 
901 |a BIBL1-1999-3 
909 |a Λ  |b 066881 
922 |a 1ΕΛΗ  |b 199907  |c ΚΠΣ/ΤΚ  |d ΠΑΠΑΣΩΤΗΡΙΟΥ 
950 |a 103-1998-07-27 
970 |a ΤΖΑΦΕΡΗ  |b ΕΥΑΓΓΕΛΙΑ  |z 1999/12/02